Automotive čaká po investičnom roku stabilizácia

Slovenský automobilový priemysel očakáva po investičnom roku stabilizáciu. Produktivita práce zaznamenala medziročný pokles. Príprava firiem na významný rast platov. Najväčším problémom je nedostatok zamestnancov. Ťažkosti s byrokraciou pri zamestnávaní cudzincov. Nárast mzdy, nedostatok zamestnanco...

ver descrição completa

Na minha lista:
Detalhes bibliográficos
Autor principal: Kvašňák, Lukáš
Formato: Capítulo de Livro
Idioma:eslovaco
Assuntos:
Tags: Adicionar Tag
Sem tags, seja o primeiro a adicionar uma tag!

MARC

LEADER 00000naa a2200000 4500
001 0238625
005 20180109142830.7
041 0 |a slo 
044 |a SK 
245 1 0 |a Automotive čaká po investičnom roku stabilizácia  |c Lukáš Kvašňák 
520 |a Slovenský automobilový priemysel očakáva po investičnom roku stabilizáciu. Produktivita práce zaznamenala medziročný pokles. Príprava firiem na významný rast platov. Najväčším problémom je nedostatok zamestnancov. Ťažkosti s byrokraciou pri zamestnávaní cudzincov. Nárast mzdy, nedostatok zamestnancov a pokles produktivity ohrozujú investičnú konkurencie schopnosť firiem. Štiepenie odborov. 
610 2 0 |a priemysel automobilový 
610 2 0 |a stabilizácia trhu 
610 2 0 |a mzdy 
610 2 0 |a produktivita práce 
610 2 0 |a zamestnávanie cudzincov 
610 2 0 |a investície 
610 2 0 |a odbory 
100 1 |a Kvašňák, Lukáš